UBT Library

Constitutional law--individual rights : (Record no. 43795)

000 -LEADER
fixed length control field 00836cam a2200265 a 4500
001 - CONTROL NUMBER
control field 15922088
005 - DATE AND TIME OF LATEST TRANSACTION
control field 20180301043203.0
008 - FIXED-LENGTH DATA ELEMENTS--GENERAL INFORMATION
fixed length control field 090925s2010 nyu 001 0 eng
010 ## - LIBRARY OF CONGRESS CONTROL NUMBER
LC control number 2009039855
020 ## - INTERNATIONAL STANDARD BOOK NUMBER
International Standard Book Number 9780735588257 (pbk.)
020 ## - INTERNATIONAL STANDARD BOOK NUMBER
International Standard Book Number 0735588252 (pbk.)
035 ## - SYSTEM CONTROL NUMBER
System control number (OCoLC)ocn440563022
040 ## - CATALOGING SOURCE
Original cataloging agency DLC
Transcribing agency DLC
Modifying agency RCJ
-- ONS
-- BOP
-- NDL
-- YDXCP
-- CDX
-- DLC
041 ## - LANGUAGE CODE
Language code of text/sound track or separate title eng
042 ## - AUTHENTICATION CODE
Authentication code pcc
043 ## - GEOGRAPHIC AREA CODE
Geographic area code n-us---
080 ## - UNIVERSAL DECIMAL CLASSIFICATION NUMBER
Universal Decimal Classification number 342.73085 ala
082 00 - DEWEY DECIMAL CLASSIFICATION NUMBER
Classification number 342.73085 ala
Edition number 22
100 1# - Rafti
Rafti 14
101 ## - Shkurtesa
Shkurtesa kur
245 10 - TITLE STATEMENT
Title Constitutional law--individual rights :
Statement of responsibility, etc Allan Ides, Christopher N. May.
906 ## - LOCAL DATA ELEMENT F, LDF (RLIN)
a 7
b cbc
c orignew
d 1
e ecip
f 20
g y-gencatlg
942 ## - ADDED ENTRY ELEMENTS (KOHA)
Source of classification or shelving scheme
Item type Books
Holdings
Withdrawn status Lost status Source of classification or shelving scheme Damaged status Not for loan Collection code Permanent location Current location Shelving location Date acquired Total Checkouts Full call number Barcode Date last seen Price effective from Koha item type
          Koleksioni i përgjithshem UBT - Lipjan UBT - Lipjan Koleksioni i përgjithshem 03/01/2018   342.73085 ala 002-3000324 03/01/2018 03/01/2018 Books
UBT Library © 2015-2024. All rights reserved University Education for Business and Technology